000
00269cam a2200109ua 4500
082
_a
636.308
_b
BEL/SH
100
_a
Belschner, H G .
_9
1950
245
_a
Sheep Management and Diseases /
260
_a
:
_b
Angfus and Robertson ,
_c
1962.
300
_a
814 ; .
942
_c
BK
999
_c
3495
_d
3495